Les organismes de l'ONU - Statistiques

Statistiques générales
  • Ce quiz a été pris 83 fois
  • Le résultat moyen est 7 sur 27
Statistiques - réponses
Fonction Organe de l'ONU correspondant % Correct
Organe principal- Gérer les menaces de la paix Conseil de sécurité
74%
Agence spécialisée-Maintien de la paix par l'éducation, la science et la culture Organisation des Nations Unies pour l'Education, la Science et la Culture (UNESCO)
67%
Organe principal- Vote des Etats membres Assemblée générale
66%
Agence spécialisée-Amener les peuples au plus haut niveau de santé possible Organisation Mondiale de la Santé (OMS)
61%
Agence spécialisée- Promouvoir les échanges monétaires et la stabilité financière Fonds Monétaire International (FMI)
53%
Organisation apparentée-Régit le commerce international Organisation Mondiale du Commerce (OMC)
43%
Agence spécialisée- Questions maritimes relatives à la navigation Organisation Maritime Internationale (OMI)
40%
Agence spécialisée- Appui financier aux Etats Banque mondiale
37%
Agence spécialisée- "Aider à construire un monde libéré de la faim" Organisation des Nations Unies pour l'Alimentation et l'Agriculture (ONUAA)
34%
Agence spécialisée-Droits et évolutions dans le domaine du travail Organisation Internationale du Travail (OIT)
31%
Agence spécialisée- Normes météo et prévisions Organisation météorologique mondiale (OMM)
30%
Organe principal- Gestion de l'ONU Secrétariat
30%
Organisation apparentée-Promouvoir l'usage pacifique du nucléaire Agence internationale de l'Energie Atomique (AIEA)
20%
Organe principal- Régler les différents entre Etats Cour internationale de justice
19%
Agence spécialisée- Promouvoir et développer le tourisme Organisation Mondiale du Tourisme (OMT)
19%
Organisation apparentée-Gérer les flux migratoires de façon décente Organisation Internationale pour les Migrations (OIM)
14%
Organe principal- Administration de territoires de l'ONU Conseil de tutelle
13%
Organe principal- Coopération économique Conseil économique et social
13%
Agence spécialisée- Normes du transport aéronautique mondial Organisation de l'Aviation Civile Internationale (OACI)
10%
Agence spécialisée- Aider au développement industriel Organisation des Nations Unies pour le Développement Industriel (ONUDI)
10%
Agence spécialisée- Aide au développement agricole et rural Fonds International de Développement Agricole (FIDA)
7%
Agence spécialisée-Stimuler la créativité et le développement économique Organisation mondiale de la propriété intellectuelle (OMPI)
7%
Organisation apparentée-Contrôle de l'interdiction d'utilisation des armes chimiques Organisation pour l'Interdiction des Armes Chimiques (OIAC)
7%
Agence spécialisée-Développement et coopération des systèmes postaux du monde Union Postale Universelle (UPU)
7%
Agence spécialisée-Développement dans les technologies de l'information et de la communication Union Internationale des Télécommunications (UIT)
6%
Organisation apparentée-Empêcher les essais nucléaires Organisation du traité d'interdiction complète des essais nucléaires (OTICE)
4%
Organisation apparentée-1ère reconnaissance officielle mondiale des effets des changements climatiques Secrétariat de la convention-cadre des Nations Unies sur les changements climatiques (CCNUCC)
3%
Aucun quiz correspondant
Distribution des résultats
% des personnes avec chaque résultat
Percentile par nombre de réponses
Votre historique - résultats
Vous n’avez pas pris ce quiz